ՀՀ Գիտությունների ազգային ակադեմիայի հիմնարար գիտական գրադարան  =   Fundamental Scientific Library of NAS RA

Северные исторические песни / (Record no. 474406)

MARC details
000 -LEADER
fixed length control field 01290nam a2200217 a 4500
001 - CONTROL NUMBER
control field 000001538
003 - CONTROL NUMBER IDENTIFIER
control field AM-YeHGA
005 - DATE AND TIME OF LATEST TRANSACTION
control field 20250617161623.0
008 - FIXED-LENGTH DATA ELEMENTS--GENERAL INFORMATION
fixed length control field 021101s1947 ai r 000 0 rus d
040 ## - CATALOGING SOURCE
Original cataloging agency AM-YeHGA
090 ## - LOCALLY ASSIGNED LC-TYPE CALL NUMBER (OCLC); LOCAL CALL NUMBER (RLIN)
-- 477694
245 00 - TITLE STATEMENT
Title Северные исторические песни /
Statement of responsibility, etc. Научно-исследовательский ин-т культуры Карело-Финской ССР ; Подгот. текста, статья и примеч. А. Астаховой ; Под общ. ред. А. Астаховой, В. Базанова.
260 ## - PUBLICATION, DISTRIBUTION, ETC.
Place of publication, distribution, etc. Петрозаводск
Name of publisher, distributor, etc. Гиз Карело-Финской ССР,
Date of publication, distribution, etc. 1947.
300 ## - PHYSICAL DESCRIPTION
Extent 67 с.
490 1# - SERIES STATEMENT
Series statement Библиотека русского фольклора Карелии / Научно-исследовательский ин-т культуры Карело-Финской ССР
650 14 - SUBJECT ADDED ENTRY--TOPICAL TERM
Topical term or geographic name entry element Народное творчество, фольклор
700 1# - ADDED ENTRY--PERSONAL NAME
Personal name Астахова, А.
Relator term сост.
-- ред.
Relationship com
-- edt
700 1# - ADDED ENTRY--PERSONAL NAME
Personal name Базанова, В.
Relator term ред.
Relationship edt
710 2# - ADDED ENTRY--CORPORATE NAME
Corporate name or jurisdiction name as entry element Научно-исследовательский институт культуры Карело-Финской ССР
830 #0 - SERIES ADDED ENTRY--UNIFORM TITLE
Uniform title Библиотека русского фольклора Карелии
Holdings
Withdrawn status Lost status Source of classification or shelving scheme Damaged status Not for loan Collection Home library Current library Date acquired Total checkouts Full call number Barcode Date last seen Price effective from Koha item type Public note
    Universal Decimal Classification     General Fundamental Scientific Library Fundamental Scientific Library 02/08/2018   РД II/17278 FL0513662 02/08/2018 02/08/2018 Գրքեր / Books 30 Days Loan
    Universal Decimal Classification     General Fundamental Scientific Library Fundamental Scientific Library 02/08/2018   РД II/17277 FL0513663 02/08/2018 02/08/2018 Գրքեր / Books 30 Days Loan


ՀՀ ԳԱԱ հիմնարար գիտական գրադարան
ՀՀ,Երևան 0019
Մարշալ Բաղրամյան 24/6
հեռախոս:(374-10) 52-47-50
Հետադարձ կապ

All site content, except where otherwise noted, is licensed under a
Creative Commons License